Circuits (Record no. 786135)

MARC details
000 -LEADER
fixed length control field 00680nam a2200241Ia 4500
003 - CONTROL NUMBER IDENTIFIER
control field OSt
005 - DATE AND TIME OF LATEST TRANSACTION
control field 20220928130332.0
008 - FIXED-LENGTH DATA ELEMENTS--GENERAL INFORMATION
fixed length control field 220927b |||||||| |||| 00| 0 eng d
037 ## - SOURCE OF ACQUISITION
Terms of availability Textual
040 ## - CATALOGING SOURCE
Original cataloging agency SDCL
Transcribing agency SDCL
Language of cataloging eng
041 ## - LANGUAGE CODE
Source of code eng
Language code of text/sound track or separate title eng
100 ## - MAIN ENTRY--PERSONAL NAME
Personal name Carlson A Bruce
9 (RLIN) 473599
245 #0 - TITLE STATEMENT
Title Circuits
Remainder of title Engineering concepts and analysis of linear electric circuits.
260 ## - PUBLICATION, DISTRIBUTION, ETC.
Place of publication, distribution, etc. Australia
Name of publisher, distributor, etc. Cengage Learning
Date of publication, distribution, etc. 2000
300 ## - PHYSICAL DESCRIPTION
Extent xx,840p.
Dimensions cm.
650 ## - SUBJECT ADDED ENTRY--TOPICAL TERM
Topical term or geographic name entry element Circuits
9 (RLIN) 473600
942 ## - ADDED ENTRY ELEMENTS (KOHA)
Classification part D661, P0
Koha item type Textual
Source of classification or shelving scheme Colon Classification (CC)
Holdings
Withdrawn status Lost status Damaged status Not for loan Home library Current library Date acquired Total Checkouts Total Renewals Full call number Barcode Date due Date last seen Date last checked out Price effective from Koha item type
        South Campus Library Central Library 2022-09-28 1 1 D661 P0 SC1252700 2022-02-04 2025-01-08 2025-01-08 2022-09-28 Textual
Copyright @ Delhi University Library System